| 000 | 00417nam a2200169Ia 4500 | ||
|---|---|---|---|
| 008 | 230524s9999 xx 000 0 und d | ||
| 020 | _a9788173812286 | ||
| 082 | _bBHA | ||
| 100 | _a"Bhattacharyya, A" | ||
| 245 | 0 | _aMetal Cutting : Theory and Practice | |
| 250 | _a1 | ||
| 260 |
_aLondon _bCentral (NCBA) _c2012 |
||
| 300 | _axx;657 p. | ||
| 500 | _aQuantity Number: 100 | ||
| 650 | _aMechanics | ||
| 942 | _cBK | ||
| 999 |
_c53030 _d53030 |
||